[Event "10th American Continental"]
[Site "Montevideo URU"]
[Date "2015.05.15"]
[Round "1.1"]
[White "Chemin, Justo Reinaldo"]
[Black "Granda Zuniga, Julio E"]
[Result "0-1"]
[WhiteTitle "FM"]
[BlackTitle "GM"]
[WhiteElo "2135"]
[BlackElo "2650"]
[WhiteFideId "2101580"]
[BlackFideId "3800024"]
[EventDate "2015.05.15"]
[EventType "swiss"]

1. d4 f5 2. g3 Nf6 3. Bg2 g6 4. Nh3 d6 5. c3 c6 6. O-O Bg7 7. Nd2 O-O 8. Qb3+
Kh8 9. Ng5 d5 10. Ndf3 h6 11. Nh3 Qe8 12. Nf4 g5 13. Nd3 Nbd7 14. h4 g4 15. Nfe5
Nxe5 16. Nxe5 Nh5 17. Nd3 b6 18. Qc2 Ba6 19. Nb4 Bb7 20. Nd3 e6 21. Be3 a5 22.
Qd2 Kh7 23. Bf4 Nxf4 24. Qxf4 Qb8 25. Rfe1 Qxf4 26. Nxf4 Rfe8 27. e3 e5 28. dxe5
Bxe5 29. Rad1 Re7 30. Bf1 Rae8 31. Bd3 Bc8 32. Kf1 Kg7 33. Ne2 Kf6 34. Nf4 b5
35. Rc1 Rb7 36. Red1 Bd7 37. Be2 Reb8 38. Rd2 Be8 39. Nd3 Bd6 40. Nf4 Bf7 41.
Bd1 Rb6 42. Ne2 Bc7 43. Bc2 c5 44. Rcd1 Rd8 45. a4 b4 46. Bd3 bxc3 47. Nxc3 Rb4
48. Bb5 d4 49. Ne2 d3 50. Nc1 c4 51. Na2 Rb3 52. Nc1 Rxb5 53. axb5 a4 54. Na2 a3
55. bxa3 Ba5 56. Nb4 Bxb4 57. axb4 c3 58. Ke1 cxd2+ 59. Kxd2 Bd5 60. Rc1 Be4 61.
Rc7 Ra8 62. b6 Ra2+ 0-1

[Event "10th American Continental"]
[Site "Montevideo URU"]
[Date "2015.05.15"]
[Round "1.2"]
[White "Quesada Perez, Yuniesky"]
[Black "Starke, Bruno Orlando"]
[Result "1-0"]
[WhiteTitle "GM"]
[WhiteElo "2645"]
[BlackElo "2133"]
[WhiteFideId "3504409"]
[BlackFideId "2128713"]
[EventDate "2015.05.15"]
[EventType "swiss"]

1. e4 c5 2. Nf3 Nc6 3. Bb5 g6 4. Bxc6 dxc6 5. d3 Bg7 6. h3 Nf6 7. Nc3 O-O 8. Be3
b6 9. Qd2 Re8 10. Bh6 Bh8 11. O-O-O e5 12. g4 Ba6 13. Kb1 Qc7 14. b3 b5 15. Qe3
c4 16. dxc4 bxc4 17. Qc5 cxb3 18. axb3 Rad8 19. Rxd8 Rxd8 20. Bg5 Qb6 21. Be3
Nd7 22. Qe7 Qc7 23. Ng5 Rf8 24. Rd1 Bc8 25. Nxh7 Kxh7 26. Rxd7 Qxd7 27. Qxf8 Bg7
28. Qc5 a6 29. Kb2 Kg8 30. Na4 Bf8 31. Qa7 Qxa7 32. Bxa7 f5 33. f3 Kf7 34. Bc5
Bh6 35. Bd6 Ke6 36. Bc7 Kf6 37. Nc5 Bf4 38. Bd8+ Kf7 39. Ka3 Bh6 40. Nd3 Bf8+
41. Ka4 Ke6 42. Bc7 1-0

[Event "10th American Continental"]
[Site "Montevideo URU"]
[Date "2015.05.15"]
[Round "1.3"]
[White "Saralegui, Mario"]
[Black "Bachmann, Axel"]
[Result "0-1"]
[BlackTitle "GM"]
[WhiteElo "2125"]
[BlackElo "2636"]
[WhiteFideId "3000419"]
[BlackFideId "3700488"]
[EventDate "2015.05.15"]
[EventType "swiss"]

1. d4 Nf6 2. c4 e6 3. Nc3 Bb4 4. e3 c5 5. Ne2 d6 6. a3 Ba5 7. dxc5 dxc5 8. Qxd8+
Kxd8 9. f3 b6 10. Bd2 Ba6 11. Nc1 Nc6 12. Nb3 Ke7 13. Rd1 Rhd8 14. Nxa5 Nxa5 15.
Nb5 Bxb5 16. cxb5 Nb3 17. Bc4 Nxd2 18. Rxd2 Nd7 19. Ke2 Ne5 20. b3 Rxd2+ 21.
Kxd2 f5 22. Ke2 Nf7 23. a4 Nd6 24. Ra1 Nb7 25. g4 fxg4 26. fxg4 Rf8 27. Bd3 h6
28. Rc1 Kd6 29. Be4 Na5 30. Rd1+ Ke7 31. Bc2 Rc8 32. Rf1 c4 33. bxc4 Rxc4 34.
Bg6 Rxg4 35. Rf7+ Kd6 36. Rxg7 Nc4 37. Rg8 Rg2+ 38. Ke1 Nxe3 39. h4 h5 40. Rd8+
Kc7 41. Rd3 Nc2+ 42. Kd1 Rxg6 43. Kxc2 Rg4 44. Kb3 Rxh4 45. Rf3 Rd4 46. Rf7+ Rd7
47. Rf6 Rh7 0-1

[Event "10th American Continental"]
[Site "Montevideo URU"]
[Date "2015.05.15"]
[Round "1.4"]
[White "Lenderman, Aleksandr"]
[Black "Daneri, Martin"]
[Result "1-0"]
[WhiteTitle "GM"]
[BlackTitle "CM"]
[WhiteElo "2636"]
[BlackElo "2109"]
[WhiteFideId "2021285"]
[BlackFideId "104981"]
[EventDate "2015.05.15"]
[EventType "swiss"]

1. d4 Nf6 2. c4 e6 3. Nc3 c5 4. d5 exd5 5. cxd5 d6 6. Nf3 g6 7. Bf4 a6 8. a4 Bg7
9. h3 O-O 10. e3 Qe7 11. Nd2 Nh5 12. Bh2 f5 13. Be2 f4 14. Bxh5 fxe3 15. fxe3
gxh5 16. Nce4 Be5 17. Qxh5 Bxh2 18. Rxh2 Rf5 19. Qh6 Re5 20. Qxd6 Bf5 21. Nf6+
Kf7 22. Qxe7+ Rxe7 23. Ng4 Bxg4 24. hxg4 Rxe3+ 25. Kf2 Rd3 26. Nc4 Kg8 27. Nb6
Ra7 28. Re1 Rd2+ 29. Kg1 Rxb2 30. a5 1-0

[Event "10th American Continental"]
[Site "Montevideo URU"]
[Date "2015.05.15"]
[Round "1.5"]
[White "Genro, Guilherme"]
[Black "Cordova, Emilio"]
[Result "0-1"]
[BlackTitle "GM"]
[WhiteElo "2096"]
[BlackElo "2629"]
[WhiteFideId "2173654"]
[BlackFideId "3801497"]
[EventDate "2015.05.15"]
[EventType "swiss"]

1. Nf3 c5 2. b3 b6 3. Bb2 Bb7 4. e3 Nf6 5. Be2 e6 6. O-O Be7 7. c4 O-O 8. Nc3
Na6 9. d4 Nc7 10. Rc1 a6 11. dxc5 bxc5 12. Qc2 Qb8 13. Rfd1 d6 14. Rd2 Bc6 15.
Rcd1 Qb7 16. Ne1 e5 17. f3 h6 18. e4 Nfe8 19. Bd3 Bg5 20. Re2 Ne6 21. Nd5 a5 22.
g3 a4 23. Ng2 axb3 24. axb3 Ra2 25. Qb1 Qxb3 26. f4 Bf6 27. fxe5 dxe5 28. Bxe5
Qxb1 29. Rxb1 Rxe2 30. Bxe2 Bxd5 31. exd5 Bxe5 32. dxe6 fxe6 33. Rf1 Bd4+ 34.
Kh1 Nf6 35. Nf4 Re8 36. Bf3 e5 37. Nd5 e4 38. Nxf6+ gxf6 39. Bg4 Rb8 40. Re1 e3
41. Re2 Kf7 42. Bf3 Ke6 43. Kg2 Ke5 44. Bd5 f5 45. Kf3 Rf8 46. Ra2 f4 47. g4 Rf6
48. h4 Bc3 49. Ra8 Kd4 50. Re8 Kd3 51. g5 hxg5 52. hxg5 Ra6 53. g6 Kd2 54. g7
Bxg7 55. Rg8 e2 0-1

[Event "10th American Continental"]
[Site "Montevideo URU"]
[Date "2015.05.15"]
[Round "1.6"]
[White "Iturrizaga Bonelli, Eduardo"]
[Black "Manzi, Luiz Antonio Bardaro"]
[Result "1-0"]
[WhiteTitle "GM"]
[WhiteElo "2613"]
[BlackElo "2091"]
[WhiteFideId "3901211"]
[BlackFideId "2102641"]
[EventDate "2015.05.15"]
[EventType "swiss"]

1. Nf3 f5 2. c4 Nf6 3. Nc3 e6 4. g3 c6 5. Bg2 d5 6. d3 Bd6 7. O-O Bc7 8. b3 O-O
9. Ba3 Re8 10. e3 a5 11. Qe2 Na6 12. Rac1 Rb8 13. Rfd1 Nb4 14. Bb2 h6 15. e4 Bb6
16. e5 Nh7 17. d4 Ng5 18. Ne1 Ne4 19. a3 Nxc3 20. Bxc3 Na6 21. Nd3 Qe7 22. Qd2
Bd8 23. Bxa5 dxc4 24. bxc4 Qxa3 25. Bc3 Qe7 26. d5 cxd5 27. cxd5 exd5 28. Bxd5+
Kh8 29. Nf4 Kh7 30. Bf3 Bb6 31. Bh5 Rd8 32. Qb2 Rxd1+ 33. Rxd1 Ba7 34. Rd6 Bd7
35. Nd5 Qg5 36. Rxd7 Nc5 37. Bd2 f4 38. Nf6+ Kh8 39. Qc2 1-0

[Event "10th American Continental"]
[Site "Montevideo URU"]
[Date "2015.05.15"]
[Round "1.8"]
[White "Cori, Jorge"]
[Black "Caceres Vasquez, Sergio"]
[Result "1-0"]
[WhiteTitle "GM"]
[BlackTitle "FM"]
[WhiteElo "2609"]
[BlackElo "2087"]
[WhiteFideId "3802272"]
[BlackFideId "3402169"]
[EventDate "2015.05.15"]
[EventType "swiss"]

1. e4 c5 2. Nf3 e6 3. g3 b6 4. Bg2 Bb7 5. d3 d6 6. O-O Nf6 7. Re1 Nbd7 8. a3 Be7
9. b4 O-O 10. Bb2 Qc7 11. Nbd2 Rac8 12. c4 Ne5 13. Nxe5 dxe5 14. b5 a5 15. f4
exf4 16. e5 Nd7 17. gxf4 Bxg2 18. Kxg2 f5 19. Re3 Qb7+ 20. Kf2 Rfd8 21. Qh5 Nf8
22. Rh3 Qd7 23. Rg1 Qe8 24. Qxe8 Rxe8 25. Ke3 Red8 26. Rhg3 g6 27. Nf3 Rd7 28.
h4 Rcd8 29. Rd1 Kf7 30. Ke2 Rc8 31. Bc1 Rcd8 32. Be3 Rc8 33. Rgg1 Ke8 34. Rh1 h5
35. a4 Rdc7 36. Rd2 Rd7 37. Rc1 Rdc7 38. Bf2 Nd7 39. Rdc2 Kf7 40. Nd2 Ke8 41.
Nb3 Kf7 42. Rd1 Bf8 43. Rcd2 Be7 44. Kf3 Rb7 45. Kg3 Rcc7 46. Rc2 Rc8 47. Be3
Rbc7 48. Bc1 Rb7 49. Ba3 Rbc7 50. Rcc1 Rb7 51. d4 cxd4 52. Bxe7 Kxe7 53. Rxd4
Nc5 54. Nxc5 Rxc5 55. Kf3 Rbc7 56. Ke3 Rc8 57. Kd3 R8c7 58. Kc3 Rd5 59. Rcd1
Rxd4 60. Rxd4 Rb7 61. Rd6 Rb8 62. Kd4 Rb7 63. c5 bxc5+ 64. Kxc5 Rc7+ 65. Rc6 Rd7
66. Rd6 Rc7+ 67. Kb6 Rc4 68. Kxa5 Rxf4 69. b6 1-0

[Event "10th American Continental"]
[Site "Montevideo URU"]
[Date "2015.05.15"]
[Round "1.9"]
[White "Moreira, Marcelo"]
[Black "Felgaer, Ruben"]
[Result "0-1"]
[BlackTitle "GM"]
[WhiteElo "2077"]
[BlackElo "2582"]
[WhiteFideId "3003043"]
[BlackFideId "107069"]
[EventDate "2015.05.15"]
[EventType "swiss"]

1. e4 c5 2. Nc3 Nc6 3. f4 g6 4. Nf3 Bg7 5. Bb5 Nd4 6. O-O a6 7. Be2 d6 8. d3 e6
9. Nb1 Ne7 10. c3 Nxe2+ 11. Qxe2 O-O 12. Na3 b5 13. Nc2 a5 14. Rb1 b4 15. c4 a4
16. Ne3 Bb7 17. Rd1 Qc7 18. Nf1 Rae8 19. Be3 f5 20. N1d2 Nc6 21. Rf1 Qb6 22.
exf5 exf5 23. Qf2 Nd4 24. Bxd4 cxd4 25. Rfe1 Re3 26. Qf1 Rfe8 27. c5 dxc5 28.
Nc4 Qc7 29. Nfe5 Rxe1 30. Rxe1 Bd5 31. a3 Re6 32. Qf2 bxa3 33. bxa3 Qb7 34. Qd2
Qb5 35. Kf2 h6 36. h4 Kh7 37. h5 gxh5 38. Rh1 Qe8 39. Qd1 Bxe5 40. Nxe5 Rb6 41.
Qc1 Qb5 42. Kg3 Rb7 43. Rh2 Rg7+ 44. Kf2 h4 0-1

[Event "10th American Continental"]
[Site "Montevideo URU"]
[Date "2015.05.15"]
[Round "1.10"]
[White "Mareco, Sandro"]
[Black "Rodriguez, Paulo Virgilio Rios"]
[Result "1-0"]
[WhiteTitle "GM"]
[WhiteElo "2581"]
[BlackElo "2072"]
[WhiteFideId "112275"]
[BlackFideId "2108267"]
[EventDate "2015.05.15"]
[EventType "swiss"]

1. d4 Nf6 2. c4 e6 3. Nf3 d5 4. g3 Be7 5. Bg2 b6 6. O-O Bb7 7. cxd5 exd5 8. Nc3
O-O 9. Bf4 c5 10. Ne5 Nbd7 11. Rc1 Rc8 12. dxc5 Nxc5 13. Nb5 a6 14. Nd4 Nh5 15.
Bh3 Nxf4 16. Bxc8 Bxc8 17. gxf4 Bh3 18. Ndc6 Qd6 19. Qxd5 Qf6 20. Rfd1 Kh8 21.
Qf3 Bf5 22. Nxe7 Qxe7 23. b4 Ne4 24. Qg2 Qh4 25. e3 Qh5 26. Rd4 f6 27. Nd7 Re8
28. Rd5 Qf7 29. Nxb6 Be6 30. Qxe4 Bxd5 31. Qxd5 Qg6+ 32. Kh1 h5 33. Rg1 Qc2 34.
Qxh5+ 1-0

[Event "10th American Continental"]
[Site "Montevideo URU"]
[Date "2015.05.15"]
[Round "1.12"]
[White "Mekhitarian, Krikor Sevag"]
[Black "Cardoso Pimenta, Ciro Jose"]
[Result "1-0"]
[WhiteTitle "GM"]
[WhiteElo "2572"]
[BlackElo "2066"]
[WhiteFideId "2107660"]
[BlackFideId "2118599"]
[EventDate "2015.05.15"]
[EventType "swiss"]

1. d4 Nf6 2. c4 e6 3. Nf3 Bb4+ 4. Nbd2 O-O 5. a3 Bxd2+ 6. Qxd2 d5 7. e3 c5 8.
dxc5 Ne4 9. Qc2 Nxc5 10. b4 Ne4 11. Bb2 a5 12. b5 a4 13. Bd3 Qa5+ 14. Ke2 f5 15.
cxd5 exd5 16. Rac1 Nd7 17. Qc7 b6 18. Rhd1 Ndf6 19. Ne5 Qa7 20. Bd4 Nc5 21. Qxa7
Rxa7 22. Bxc5 bxc5 23. Rxc5 Ne4 24. Bxe4 dxe4 25. Rd6 Rb7 26. Kd2 g6 27. b6 Re8
28. Kc3 Rbe7 29. Nc6 Rb7 30. Na7 Be6 31. Rc7 Reb8 1-0

[Event "10th American Continental"]
[Site "Montevideo URU"]
[Date "2015.05.15"]
[Round "1.13"]
[White "Ibanez, Juan Rodrigo"]
[Black "Flores, Diego"]
[Result "0-1"]
[WhiteTitle "CM"]
[BlackTitle "GM"]
[WhiteElo "2059"]
[BlackElo "2567"]
[WhiteFideId "3002071"]
[BlackFideId "108049"]
[EventDate "2015.05.15"]
[EventType "swiss"]

1. e4 c5 2. Nf3 e6 3. d4 cxd4 4. Nxd4 a6 5. a3 Nf6 6. Nc3 Qc7 7. Be2 b5 8. O-O
Bb7 9. Bf3 d6 10. Re1 Nbd7 11. g3 Be7 12. Bg2 O-O 13. f4 Rad8 14. Qe2 Nb6 15.
Nd1 Rfe8 16. Nf2 g6 17. Nf3 e5 18. f5 d5 19. fxg6 hxg6 20. exd5 e4 21. Ng5 Bxd5
22. Bf4 Qc6 23. Nfxe4 Nxe4 24. Nxe4 Bc5+ 25. Kh1 f5 26. Nf6+ Qxf6 27. Bxd5+ Nxd5 0-1

[Event "10th American Continental"]
[Site "Montevideo URU"]
[Date "2015.05.15"]
[Round "1.14"]
[White "Kaidanov, Gregory S"]
[Black "Carbone, Diego"]
[Result "1-0"]
[WhiteTitle "GM"]
[BlackTitle "CM"]
[WhiteElo "2566"]
[BlackElo "2052"]
[WhiteFideId "2008564"]
[BlackFideId "3002179"]
[EventDate "2015.05.15"]
[EventType "swiss"]

1. Nf3 c5 2. c4 e6 3. g3 Nf6 4. Bg2 d5 5. cxd5 exd5 6. d4 Nc6 7. O-O Be7 8. dxc5
Bxc5 9. a3 O-O 10. b4 Be7 11. Nc3 Be6 12. Bb2 Rc8 13. e3 Re8 14. Ne2 Ne4 15.
Ned4 Bf6 16. Nxc6 bxc6 17. Bxf6 Qxf6 18. Qd4 Qe7 19. Rfc1 c5 20. bxc5 Nxc5 21.
Qb4 a5 22. Qb6 a4 23. Nd4 Nd7 24. Qb2 Ne5 25. Nxe6 Qxe6 26. Qd4 Qf6 27. Qxa4 Nd3
28. Rf1 Nxf2 29. Ra2 1-0

[Event "10th American Continental"]
[Site "Montevideo URU"]
[Date "2015.05.15"]
[Round "1.15"]
[White "De Haro, Martim Afonso Palma"]
[Black "Gonzalez Vidal, Yuri"]
[Result "0-1"]
[BlackTitle "GM"]
[WhiteElo "2048"]
[BlackElo "2550"]
[WhiteFideId "2101653"]
[BlackFideId "3503321"]
[EventDate "2015.05.15"]
[EventType "swiss"]

1. d4 Nf6 2. c4 e6 3. g3 Bb4+ 4. Bd2 Be7 5. Bg2 d5 6. Nf3 O-O 7. O-O c6 8. Nc3
dxc4 9. Bg5 Nbd7 10. Qc2 b5 11. Rfd1 Bb7 12. Ne5 Nxe5 13. dxe5 Nd5 14. Bf4 Qc7
15. Be4 h6 16. Bxd5 exd5 17. e4 g5 18. exd5 cxd5 19. Be3 d4 20. Rxd4 Rad8 21.
Rad1 Qxe5 22. Rd7 Rxd7 23. Rxd7 Bc6 24. Rd1 Rd8 0-1

[Event "10th American Continental"]
[Site "Montevideo URU"]
[Date "2015.05.15"]
[Round "1.16"]
[White "Hevia Alejano, Carlos Antonio"]
[Black "Izquierdo, Sebastian"]
[Result "1-0"]
[WhiteTitle "IM"]
[WhiteElo "2535"]
[BlackElo "2040"]
[WhiteFideId "3508811"]
[BlackFideId "3001610"]
[EventDate "2015.05.15"]
[EventType "swiss"]

1. e4 c6 2. d4 d5 3. e5 Bf5 4. Nf3 e6 5. Be2 Nd7 6. O-O h6 7. Nbd2 c5 8. c4 Ne7
9. dxc5 Nxc5 10. Nd4 Bh7 11. N2b3 Nc6 12. cxd5 Qxd5 13. Nxc6 bxc6 14. Bf3 Be4
15. Bxe4 Nxe4 16. Qc2 Nc5 17. Rd1 Qe4 18. Qxe4 Nxe4 19. Be3 a5 20. Rac1 Ra6 21.
Rc4 Ng5 22. f4 Nh7 23. Nd4 Kd7 24. Nxc6+ Kc7 25. Ne7+ 1-0

[Event "10th American Continental"]
[Site "Montevideo URU"]
[Date "2015.05.15"]
[Round "1.17"]
[White "Colman, Matias"]
[Black "Perez Ponsa, Federico"]
[Result "0-1"]
[BlackTitle "GM"]
[WhiteElo "2036"]
[BlackElo "2533"]
[WhiteFideId "3000699"]
[BlackFideId "117927"]
[EventDate "2015.05.15"]
[EventType "swiss"]

1. d4 Nf6 2. c4 e6 3. Nc3 Bb4 4. Qc2 b6 5. Bg5 Bb7 6. e3 h6 7. Bh4 g5 8. Bg3 Ne4
9. Ne2 h5 10. f3 Nxg3 11. hxg3 Qf6 12. O-O-O Be7 13. e4 d6 14. Nb5 Na6 15. d5 e5
16. Nec3 Bd8 17. Be2 h4 18. g4 Nc5 19. b4 Nd7 20. Kb2 Bc8 21. Bd3 a6 22. Na3 Be7
23. Nab1 Nf8 24. Nd2 Ng6 25. Ne2 Nf4 26. Nxf4 exf4+ 27. Qc3 Qxc3+ 28. Kxc3 Bf6+
29. Kb3 Bd7 30. Rc1 Ke7 31. Rc2 Ra7 32. Nb1 Rha8 33. Rhc1 b5 34. cxb5 axb5 35.
a3 Kd8 36. Ra2 c5 37. bxc5 dxc5 38. Rxc5 b4 39. Bb5 bxa3 40. Bxd7 Kxd7 41. Rxa3
Rxa3+ 42. Nxa3 Be7 43. d6 Bxd6 44. Rd5 Rxa3+ 45. Kb2 Re3 46. e5 Rxe5 47. Rxe5
Bxe5+ 48. Kc2 Ke6 49. Kd3 Kd5 50. Kc2 Kc4 51. Kd2 Bd4 52. Ke2 Kc3 0-1

[Event "10th American Continental"]
[Site "Montevideo URU"]
[Date "2015.05.15"]
[Round "1.18"]
[White "Yermolinsky, Alex"]
[Black "Idiarte Borda, Jorge"]
[Result "1-0"]
[WhiteTitle "GM"]
[WhiteElo "2531"]
[BlackElo "2035"]
[WhiteFideId "2005492"]
[BlackFideId "3000842"]
[EventDate "2015.05.15"]
[EventType "swiss"]

1. d4 d5 2. c4 c6 3. Nf3 e6 4. e3 f5 5. Be2 Nf6 6. O-O Bd6 7. b3 Qe7 8. Bb2 O-O
9. Qc1 b6 10. Ba3 Bxa3 11. Qxa3 Qxa3 12. Nxa3 Bb7 13. Rfc1 Nbd7 14. cxd5 exd5
15. Nc2 a5 16. Nce1 Ne4 17. Nd3 c5 18. Nf4 Rfe8 19. Bb5 Re7 20. Rc2 Ndf6 21. Ne5
g5 22. Ne2 Ng4 23. Nxg4 fxg4 24. Bd3 Ba6 25. Bxa6 Rxa6 26. Rd1 a4 27. bxa4 c4
28. Rb1 Rea7 29. f3 gxf3 30. gxf3 Nf6 31. Nc3 Re7 32. Kf2 g4 33. Rb5 gxf3 34.
Kxf3 Rf7 35. Rg2+ Kf8 36. Ke2 Ne4 37. Nxe4 dxe4 38. Rb4 b5 39. Rf2 Rxf2+ 40.
Kxf2 c3 41. axb5 Rxa2+ 42. Kg3 Rb2 43. Rc4 Rxb5 44. Kf4 Rh5 45. Kxe4 Rxh2 46.
Rxc3 Ke7 47. d5 Kd7 48. Ra3 Rh4+ 49. Ke5 Rh5+ 50. Kd4 Rh1 51. e4 Rh4 52. Ra7+
Kd6 53. Rg7 Rh5 54. Rf7 Rh4 55. Ra7 h5 56. Ra1 1-0

[Event "10th American Continental"]
[Site "Montevideo URU"]
[Date "2015.05.15"]
[Round "1.19"]
[White "Beckerman, M."]
[Black "El Debs, Felipe de Cresce"]
[Result "0-1"]
[BlackTitle "GM"]
[WhiteElo "2025"]
[BlackElo "2527"]
[WhiteFideId "109070"]
[BlackFideId "2106981"]
[EventDate "2015.05.15"]
[EventType "swiss"]

1. f4 Nf6 2. Nf3 g6 3. e3 Bg7 4. d4 O-O 5. Nbd2 d6 6. Be2 Nbd7 7. O-O c5 8. c3
Qc7 9. Ng5 h6 10. Nh3 Nb6 11. Nf2 e5 12. fxe5 dxe5 13. Nfe4 Nxe4 14. Nxe4 cxd4
15. exd4 f5 16. Nc5 Rd8 17. Be3 Nd5 18. Bc4 Kh7 19. Bxd5 Rxd5 20. Qf3 e4 21. Qe2
b6 22. Nb3 a5 23. Rf2 a4 24. Nc1 a3 25. Qd2 axb2 26. Qxb2 Ba6 27. Bf4 Qc4 28. h4
Rxd4 29. Ne2 Rd3 30. Qxb6 Rad8 31. h5 gxh5 32. Ng3 e3 33. Rf3 e2 34. Nxe2 Rxf3
35. gxf3 Rg8 36. Qa7 Qxe2 37. Rb1 Kh8 38. Rb8 Bd4+ 0-1

[Event "10th American Continental"]
[Site "Montevideo URU"]
[Date "2015.05.15"]
[Round "1.20"]
[White "Matamoros Franco, Carlos S."]
[Black "Chang, Suzana"]
[Result "1-0"]
[WhiteTitle "GM"]
[BlackTitle "WFM"]
[WhiteElo "2525"]
[BlackElo "2022"]
[WhiteFideId "3600017"]
[BlackFideId "2105985"]
[EventDate "2015.05.15"]
[EventType "swiss"]

1. Nf3 Nf6 2. c4 g6 3. g3 Bg7 4. Bg2 O-O 5. O-O d6 6. d4 c6 7. Nc3 a6 8. e4 b5
9. e5 dxe5 10. dxe5 Qxd1 11. Rxd1 Ng4 12. Bf4 bxc4 13. h3 g5 14. Bxg5 Nxe5 15.
Nxe5 Bxe5 16. Bxe7 Re8 17. Bd6 Bxd6 18. Rxd6 Be6 19. Ne4 Kg7 20. Nc5 Bf5 21. Rc1
Re2 22. Na4 Ra7 23. Rxc4 Rb7 24. Rc1 Be6 25. Bf1 Re5 26. b3 Bd5 27. Rd8 a5 28.
Nc5 Rb6 29. Bg2 Bxg2 30. Kxg2 Rb5 31. Na4 Rb7 32. Rcd1 Na6 33. R1d2 Nc5 34. Nb2
Ne6 35. Ra8 Nc7 36. Rc8 Rc5 37. Rd7 Rc2 38. Nc4 1-0

[Event "10th American Continental"]
[Site "Montevideo URU"]
[Date "2015.05.15"]
[Round "1.21"]
[White "Garcia La Rosa, Lorena Estefania"]
[Black "Shabalov, Alexander"]
[Result "0-1"]
[WhiteTitle "WCM"]
[BlackTitle "GM"]
[WhiteElo "2017"]
[BlackElo "2523"]
[WhiteFideId "3901262"]
[BlackFideId "2008572"]
[EventDate "2015.05.15"]
[EventType "swiss"]

1. c4 f5 2. g3 Nf6 3. Bg2 g6 4. Nc3 Bg7 5. d3 O-O 6. e4 d6 7. Nge2 Nc6 8. O-O e5
9. h3 Kh8 10. Be3 f4 11. gxf4 Nh5 12. Qd2 Bxh3 13. fxe5 Nxe5 14. f3 Qd7 15. b3
Bxg2 16. Kxg2 Nxf3 17. Rxf3 Rxf3 18. Kxf3 Qh3+ 19. Kf2 Rf8+ 20. Kg1 Rf3 21. Bf2
Be5 0-1

[Event "10th American Continental"]
[Site "Montevideo URU"]
[Date "2015.05.15"]
[Round "1.22"]
[White "Pichot, Alan"]
[Black "Pinero, Ismael"]
[Result "1-0"]
[WhiteTitle "IM"]
[BlackTitle "CM"]
[WhiteElo "2504"]
[BlackElo "2013"]
[WhiteFideId "110973"]
[BlackFideId "3004244"]
[EventDate "2015.05.15"]
[EventType "swiss"]

1. e4 c5 2. Nf3 Nc6 3. Bb5 g6 4. O-O Bg7 5. c3 e5 6. d4 cxd4 7. cxd4 exd4 8. Bf4
Nge7 9. Bd6 a6 10. Bd3 O-O 11. Nbd2 b6 12. a4 Na5 13. Rc1 Ra7 14. b4 Nac6 15.
Nb3 Re8 16. b5 axb5 17. axb5 Bb7 18. bxc6 dxc6 19. Be5 c5 20. Bb5 Bxe4 21. Bxe8
Qxe8 22. Bxg7 Kxg7 23. Nbxd4 Rd7 24. Qe2 Qa8 25. Rfe1 Bf5 26. Nxf5+ Nxf5 27. Ra1 1-0

[Event "10th American Continental"]
[Site "Montevideo URU"]
[Date "2015.05.15"]
[Round "1.23"]
[White "Lanzilotta, Marcelo"]
[Black "Di Berardino, Diego Rafael"]
[Result "1/2-1/2"]
[BlackTitle "IM"]
[WhiteElo "2006"]
[BlackElo "2489"]
[WhiteFideId "3001750"]
[BlackFideId "2105446"]
[EventDate "2015.05.15"]
[EventType "swiss"]

1. e4 c5 2. c3 Nf6 3. e5 Nd5 4. d4 cxd4 5. Nf3 d6 6. cxd4 Nc6 7. Bc4 e6 8. O-O
Be7 9. Nc3 Nxc3 10. bxc3 dxe5 11. dxe5 Qxd1 12. Rxd1 Bd7 13. Be3 O-O-O 14. Bd3
Kb8 15. Be4 h6 16. Rab1 Na5 17. g3 Bc6 18. Bxc6 Nxc6 19. Nd2 Rd3 20. Ne4 Rhd8
21. Rxd3 Rxd3 22. Bc5 b6 23. Bxe7 Nxe7 24. Kf1 Nc6 25. Ke2 Rd5 26. f4 Kc7 27. a3
Na5 28. c4 Nxc4 29. Rc1 b5 30. Nd6 a6 31. a4 Rd2+ 32. Kf3 Kb6 33. Nxc4+ bxc4 34.
Rxc4 Rxh2 35. Rb4+ Ka7 36. Rd4 Rb2 37. g4 a5 38. Rd8 Rb3+ 39. Ke4 Rb4+ 40. Ke3
g5 41. Rd7+ Kb6 42. fxg5 hxg5 43. Rxf7 Kc6 44. Kf3 Kd5 45. Rg7 Rxa4 46. Rxg5 Rb4
47. Rg7 a4 48. Rf7 Kxe5 49. g5 Rb3+ 50. Kg4 Rb1 51. Ra7 Rg1+ 52. Kf3 Rf1+ 53.
Ke3 Re1+ 54. Kf3 Kf5 55. Ra5+ e5 56. Rxa4 Kxg5 57. Re4 Rf1+ 58. Ke2 Rf5 59. Ra4
Rf8 60. Ke3 Kf5 61. Ra3 Rh8 62. Ra4 Rh3+ 63. Kf2 Rb3 64. Rc4 Ra3 65. Rb4 e4 66.
Rb8 Kf4 67. Rf8+ Ke5 68. Re8+ Kd4 69. Rd8+ Kc4 70. Re8 Kd3 71. Rd8+ Kc2 72. Ke2 1/2-1/2

[Event "10th American Continental"]
[Site "Montevideo URU"]
[Date "2015.05.15"]
[Round "1.24"]
[White "Alonso, Salvador"]
[Black "Moccero, Eduardo"]
[Result "1-0"]
[WhiteTitle "GM"]
[WhiteElo "2488"]
[BlackElo "2004"]
[WhiteFideId "105198"]
[BlackFideId "103373"]
[EventDate "2015.05.15"]
[EventType "swiss"]

1. Nf3 d5 2. c4 e6 3. d4 c5 4. cxd5 exd5 5. Nc3 Nc6 6. g3 Nf6 7. Bg2 Be7 8. O-O
O-O 9. dxc5 Bxc5 10. Bg5 Be7 11. Rc1 h6 12. Be3 Re8 13. Qd3 Be6 14. Nb5 Qd7 15.
Nbd4 Bd6 16. Nxc6 bxc6 17. Qa6 Rec8 18. Bc5 Bxc5 19. Rxc5 Ne4 20. Rc2 c5 21.
Rfc1 Rab8 22. Ne5 Qc7 23. Nd3 Rb6 24. Qa3 c4 25. b3 Qd6 26. Qxd6 Nxd6 27. Nf4
cxb3 28. Rxc8+ Bxc8 29. axb3 Be6 30. Bxd5 Bxd5 31. Nxd5 Rxb3 32. Rc6 Nf5 33.
Rc8+ Kh7 34. Rc7 Kg6 35. Rxa7 Rb1+ 36. Kg2 Rb2 37. e4 Nd4 38. Nf4+ Kf6 39. e5+ 1-0